Countries Closest to Guinea-Bissau - One Minute Sprint - Statistics

General Stats
  • This quiz has been taken 50 times
  • The average score is 15 of 20
Answer Stats
km country % Correct
0 Guinea
93%
0 Senegal
93%
61 Gambia
90%
208 Mali
90%
1511 Niger
88%
249 Sierra Leone
88%
1479 Togo
88%
637 Côte d'Ivoire
86%
1657 Algeria
83%
1586 Benin
83%
519 Liberia
83%
280 Mauritania
83%
1668 Morocco
83%
1832 Nigeria
81%
900 Burkina Faso
79%
1188 Ghana
79%
758 Cabo Verde
62%
1674 Spain
40%
2225 Portugal
29%
921 Western Sahara
29%
No matching quizzes found
Score Distribution
Percent of People with Each Score
Percentile by Number Answered
Your Score History
You have not taken this quiz